Score 0/20 Timer 05:00
0 Plays Today
% Correct
Jennifer Aniston
95.5%
Whoopi Goldberg
91.8%
Katy Perry
86.8%
Britney Spears
82.8%
Julia Roberts
81.9%
Lisa Kudrow
73.3%
Lucy Liu
68%
Susan Sarandon
66.1%
Demi Moore
65.6%
Katie Holmes
63%
% Correct
Helena Bonham Carter
60.2%
Jennifer Love Hewitt
57.5%
Jodie Foster
56.8%
Barbara Walters
56%
Eva Longoria
47.6%
Mindy Kaling
39.5%
Annette Bening
39.2%
Rashida Jones
38.8%
Diane Lane
32.4%
Eliza Dushku
18.9%
Remove Ads.
Support Sporcle.
Get the best of Sporcle when you Go Orange. This ad-free experience offers more features, more stats, and more fun while also helping to support Sporcle. Thank you for becoming a member.

You're not logged in!

Compare scores with friends on all Sporcle quizzes.
OR
Log In

Show Comments

Extras

Top Quizzes Today


Score Distribution

Your Account Isn't Verified!

In order to create a playlist on Sporcle, you need to verify the email address you used during registration. Go to your Sporcle Settings to finish the process.

Report this User

Report this user for behavior that violates our Community Guidelines.

Details: